<?xml version="1.0" encoding="UTF-8"?>
<record
    xmlns:xsi="http://www.w3.org/2001/XMLSchema-instance"
    xsi:schemaLocation="http://www.loc.gov/MARC21/slim http://www.loc.gov/standards/marcxml/schema/MARC21slim.xsd"
    xmlns="http://www.loc.gov/MARC21/slim">

  <leader>03937nam a2200541Ii 4500</leader>
  <controlfield tag="001">DIGRBN0200</controlfield>
  <controlfield tag="003">NyNyDIG</controlfield>
  <controlfield tag="006">m     o  d        </controlfield>
  <controlfield tag="007">cr |||||||||||</controlfield>
  <controlfield tag="008">170215s2015    sp a    ob    000 0 spa d</controlfield>
  <datafield tag="020" ind1=" " ind2=" ">
    <subfield code="a">8416647534</subfield>
    <subfield code="q">(eBook)</subfield>
  </datafield>
  <datafield tag="020" ind1=" " ind2=" ">
    <subfield code="a">9788416647538</subfield>
    <subfield code="q">(eBook)</subfield>
  </datafield>
  <datafield tag="020" ind1=" " ind2=" ">
    <subfield code="z">8416345074</subfield>
  </datafield>
  <datafield tag="020" ind1=" " ind2=" ">
    <subfield code="z">9788416345076</subfield>
  </datafield>
  <datafield tag="035" ind1=" " ind2=" ">
    <subfield code="a">(OCoLC)972726048</subfield>
  </datafield>
  <datafield tag="040" ind1=" " ind2=" ">
    <subfield code="a">DGITA</subfield>
    <subfield code="b">eng</subfield>
    <subfield code="e">rda</subfield>
    <subfield code="e">pn</subfield>
    <subfield code="c">DGITA</subfield>
  </datafield>
  <datafield tag="043" ind1=" " ind2=" ">
    <subfield code="a">e-sp---</subfield>
  </datafield>
  <datafield tag="050" ind1="1" ind2="4">
    <subfield code="a">PN5317.H8 ebook</subfield>
  </datafield>
  <datafield tag="082" ind1="0" ind2="4">
    <subfield code="a">070.449320946</subfield>
  </datafield>
  <datafield tag="245" ind1="0" ind2="3">
    <subfield code="a">El humor frente al poder :</subfield>
    <subfield code="b">prensa humor&#xED;stica, cultura pol&#xED;tica y poderes f&#xE1;cticos en Espa&#xF1;a (1927-1987) /</subfield>
    <subfield code="c">Enrique Border&#xED;a Ortiz, Francesc-Andreu Mart&#xED;nez Gallego y Josep Lluis G&#xF3;mez Mompart (Eds.).</subfield>
  </datafield>
  <datafield tag="246" ind1="3" ind2="0">
    <subfield code="a">Prensa humor&#xED;stica, cultura pol&#xED;tica y poderes f&#xE1;cticos en Espa&#xF1;a (1927-1987)</subfield>
  </datafield>
  <datafield tag="250" ind1=" " ind2=" ">
    <subfield code="a">Edici&#xF3;n digital.</subfield>
  </datafield>
  <datafield tag="264" ind1=" " ind2="1">
    <subfield code="a">Madrid :</subfield>
    <subfield code="b">Biblioteca Nueva,</subfield>
    <subfield code="c">[2015]</subfield>
  </datafield>
  <datafield tag="300" ind1=" " ind2=" ">
    <subfield code="a">1 online resource :</subfield>
    <subfield code="b">illustrations.</subfield>
  </datafield>
  <datafield tag="336" ind1=" " ind2=" ">
    <subfield code="a">text</subfield>
    <subfield code="b">txt</subfield>
    <subfield code="2">rdacontent</subfield>
  </datafield>
  <datafield tag="337" ind1=" " ind2=" ">
    <subfield code="a">computer</subfield>
    <subfield code="b">c</subfield>
    <subfield code="2">rdamedia</subfield>
  </datafield>
  <datafield tag="338" ind1=" " ind2=" ">
    <subfield code="a">online resource</subfield>
    <subfield code="b">cr</subfield>
    <subfield code="2">rdacarrier</subfield>
  </datafield>
  <datafield tag="490" ind1="1" ind2=" ">
    <subfield code="a">Colecci&#xF3;n Historia Biblioteca Nueva</subfield>
  </datafield>
  <datafield tag="504" ind1=" " ind2=" ">
    <subfield code="a">Includes bibliographical references.</subfield>
  </datafield>
  <datafield tag="505" ind1="0" ind2=" ">
    <subfield code="a">Transiciones del humor / Francesc-Andreu Mart&#xED;nez Gallego -- Alfonso XIII, del retrato a la caricatura, de La espera a La traca / por Antonio Laguna Platero -- Guti&#xE9;rrez, semanario espa&#xF1;ol de humorismo (1927-1934) : el humor nuevo, equidistante, apol&#xED;tico y de derechas / por Francesc-Andreu Mart&#xED;nez Gallego -- Gracia y justicia o la demolici&#xF3;n sat&#xED;rica de la democracia en la Segunda Rep&#xFA;blica / por Enrique Border&#xED;a Ortiz -- Propaganda y humor en la conformaci&#xF3;n de la opini&#xF3;n p&#xFA;blica : La campana de gr&#xE0;cia (1930-1934) / por Imaculada R&#xED;us Sanchis -- Leve cr&#xED;tica a la monarqu&#xED;a, el Ej&#xE9;rcito y la Iglesia en el periodismo sat&#xED;rico de Por favor (1974-1978) / por Josep Lluis G&#xF3;mez Mompart -- Aullidos para un nuevo tiempo : Iglesia, Ej&#xE9;rcito y monarqu&#xED;a en la &#xFA;ltima &#xE9;poca de Hermano lobo / por Dolors Palau -- Humor crepuscular en La Codorniz durante el posfranquismo (1971-1977) / por Manuel Barrero -- "El poder al poder" : monarqu&#xED;a, Ej&#xE9;rcito e Iglesia en el humor gr&#xE1;fico del diario El pa&#xED;s durante la transici&#xF3;n / por Natalia Mel&#xE9;ndez -- El Esp&#xED;ritu del 12 de febrero en el semanario de humor, Hermano lobo / por Carla Garrido Zan&#xF3;n -- El 23-F en El jueves : ridiculizar el miedo de la ciudadan&#xED;a / por Jos&#xE9; Luis Valhondo Crego -- Las portadas de El papus &#xBF;destape sexual o gubernamental? / por Mar&#xED;a Iranzo Cabrera -- La Iglesia en el humor gr&#xE1;fico de la Transici&#xF3;n a trav&#xE9;s de las antag&#xF3;nicas posiciones de El Alc&#xE1;zar y Tele/eXpres / por Adolfo Carratal&#xE1; -- S&#xE1;tira contra la Iglesia valenciana : el humor gr&#xE1;fico en la revista Sa&#xF3; durante la Transici&#xF3;n (1976-1987) / por Francese Mart&#xED;nez Sanchis.</subfield>
  </datafield>
  <datafield tag="588" ind1="0" ind2=" ">
    <subfield code="a">Online resource; title from PDF title page (Digitalia, viewed February 15, 2017)</subfield>
  </datafield>
  <datafield tag="650" ind1=" " ind2="0">
    <subfield code="a">Political culture</subfield>
    <subfield code="z">Spain</subfield>
    <subfield code="x">History</subfield>
    <subfield code="y">20th century.</subfield>
  </datafield>
  <datafield tag="650" ind1=" " ind2="0">
    <subfield code="a">Political satire, Spanish</subfield>
    <subfield code="x">Periodicals</subfield>
    <subfield code="x">History</subfield>
    <subfield code="y">20th century.</subfield>
  </datafield>
  <datafield tag="650" ind1=" " ind2="0">
    <subfield code="a">Press and politics</subfield>
    <subfield code="z">Spain</subfield>
    <subfield code="x">History</subfield>
    <subfield code="y">20th century.</subfield>
  </datafield>
  <datafield tag="650" ind1=" " ind2="0">
    <subfield code="a">Spanish periodicals</subfield>
    <subfield code="x">History</subfield>
    <subfield code="y">20th century.</subfield>
  </datafield>
  <datafield tag="650" ind1=" " ind2="0">
    <subfield code="a">Spanish wit and humor</subfield>
    <subfield code="x">Periodicals</subfield>
    <subfield code="x">History</subfield>
    <subfield code="y">20th century.</subfield>
  </datafield>
  <datafield tag="655" ind1=" " ind2="0">
    <subfield code="a">Electronic books.</subfield>
  </datafield>
  <datafield tag="700" ind1="1" ind2=" ">
    <subfield code="a">Borderia Ortiz, Enric,</subfield>
    <subfield code="e">editor.</subfield>
  </datafield>
  <datafield tag="700" ind1="1" ind2=" ">
    <subfield code="a">G&#xF3;mez Mompart, J. L.,</subfield>
    <subfield code="e">editor.</subfield>
  </datafield>
  <datafield tag="700" ind1="1" ind2=" ">
    <subfield code="a">Mart&#xED;nez Gallego, Francesc A.,</subfield>
    <subfield code="e">editor.</subfield>
  </datafield>
  <datafield tag="776" ind1="0" ind2="8">
    <subfield code="i">Print version:</subfield>
    <subfield code="t">Humor frente al poder.</subfield>
    <subfield code="d">Madrid (Espa&#xF1;a) : Biblioteca Nueva, [2015]</subfield>
    <subfield code="z">9788416345076</subfield>
    <subfield code="w">(OCoLC)925377190</subfield>
  </datafield>
  <datafield tag="791" ind1="2" ind2=" ">
    <subfield code="a">Digitalia (Firm),</subfield>
    <subfield code="e">distributor.</subfield>
  </datafield>
  <datafield tag="793" ind1="0" ind2=" ">
    <subfield code="g">Digitalia eBook Collection:</subfield>
    <subfield code="a">Biblioteca Nueva</subfield>
  </datafield>
  <datafield tag="830" ind1=" " ind2="0">
    <subfield code="a">Colecci&#xF3;n Historia Biblioteca Nueva.</subfield>
  </datafield>
  <datafield tag="856" ind1="4" ind2="0">
    <subfield code="3">Digitalia Hisp&#xE1;nica</subfield>
    <subfield code="u">https://www.digitaliapublishing.com/a/40186/</subfield>
  </datafield>
  <datafield tag="910" ind1=" " ind2=" ">
    <subfield code="a">Premium Collection: 2017</subfield>
  </datafield>
  <datafield tag="942" ind1=" " ind2=" ">
    <subfield code="c">RAA</subfield>
  </datafield>
  <datafield tag="952" ind1=" " ind2=" ">
    <subfield code="0">0</subfield>
    <subfield code="1">0</subfield>
    <subfield code="4">0</subfield>
    <subfield code="7">0</subfield>
    <subfield code="8">DEH</subfield>
    <subfield code="a">BD-UIN</subfield>
    <subfield code="b">BD-UIN</subfield>
    <subfield code="d">2025-04-25</subfield>
    <subfield code="l">0</subfield>
    <subfield code="r">2025-04-25</subfield>
    <subfield code="w">2025-04-25</subfield>
    <subfield code="y">RAA</subfield>
  </datafield>
  <datafield tag="999" ind1=" " ind2=" ">
    <subfield code="c">245398</subfield>
    <subfield code="d">245398</subfield>
  </datafield>
</record>
